秩父市(埼玉県)の駅 - Statistics

General Stats
  • This quiz has been taken 26 times
  • The average score is 7 of 11
Answer Stats
Answer % Correct
西武秩父
100%
秩父
95%
御花畑
86%
三峰口
82%
和銅黒谷
64%
影森
59%
武州日野
59%
白久
59%
大野原
45%
浦山口
45%
武州中川
45%
No matching quizzes found
Score Distribution
Percent of People with Each Score
Percentile by Number Answered
Your Score History
You have not taken this quiz